| 000 | 02532cam a22005534i 4500 | ||
|---|---|---|---|
| 003 | PE-LiUPU | ||
| 005 | 20250731173150.0 | ||
| 008 | 150623s2003 miua rb 000 0 eng d | ||
| 020 | _a0801093112 | ||
| 020 | _a9780801093111 | ||
| 035 | _a(Sirsi) i9780801093111 | ||
| 040 |
_aPE-LiUPU _bspa _cPE-LiUPU _erda |
||
| 049 | _aPRUA | ||
| 082 | 0 | 4 |
_a266.001 _bV28 _221 |
| 100 | 1 |
_aVan Engen, Charles Edward, _eautor. |
|
| 245 | 1 | 0 |
_aGod's missionary people : _brethinking the purpose of the local church / _cCharles Edward Van Engen. |
| 264 | 1 |
_aGrand Rapids, Michigan : _bBaker Book House, _c2003. |
|
| 300 |
_a223 páginas : _bilustraciones ; _c23 centímetros |
||
| 336 |
_atext _2rdacontent |
||
| 337 |
_aunmediated _2rdamedia |
||
| 338 |
_avolume _2rdacarrier |
||
| 504 | _aIncluye bibliografía. | ||
| 505 | 0 | _aLocal churches: God's missionary people -- Local Churvhes: a new vision of God's -- Local Churches: becoming God's missionary people. | |
| 526 | _aSEG42 | ||
| 526 | _aSEG41 | ||
| 526 | _aSEG40 | ||
| 526 | _aSEG39 | ||
| 526 | _aP94 | ||
| 526 | _aP87 | ||
| 526 | _aP86 | ||
| 526 | _aP85 | ||
| 526 | _aP77 | ||
| 526 | _aP76 | ||
| 526 | _aP35 | ||
| 541 | _g1057695742-4939426; | ||
| 650 | 0 | 4 | _aMisión de la iglesia. |
| 910 |
_adbm _bncf _cncf _d20190529 |
||
| 942 |
_2ddc _cBOOK |
||
| 949 |
_a266.001 V28G _wDEWEY _c1 _i36342 _lCCODEBUL1 _mBUL _p18.00 _r0 _sY _tBOOK _u2015-6-24 _xTEOLOGIA _PP35 _0COMPRA _o.STAFF. Colección Teología |
||
| 949 |
_a266.001 V28G _wDEWEY _c2 _i53414 _lCCODEBUL1 _mBUL _p18.00 _r0 _sY _tBOOK _u2015-6-24 _xTEOLOGIA _PP35 _0COMPRA _o.STAFF. Colección Teología |
||
| 949 |
_a266.001 V28G _wDEWEY _c3 _i59404 _lCCODEBUL1 _mBUL _p20.00 _r0 _sY _tBOOK _u2015-6-24 _xTEOLOGIA _PP35 _0COMPRA _o.STAFF. Colección Teología |
||
| 994 |
_aC0 _bPEPRU |
||
| 596 | _a1 | ||
| 999 |
_a266.001 V28G _wDEWEY _c35385 _i36342 _f2021-11-10 _g6 _lCCODEBUL1 _mBUL _p18.00 _r0 _sY _tBOOK _u2015-6-24 _xTEOLOGIA _PP35 _0COMPRA _o.STAFF. Colección Teología _d35385 |
||
| 999 |
_a266.001 V28G _wDEWEY _c2 _i53414 _f2021-11-10 _g5 _lCCODEBUL1 _mBUL _p18.00 _q1 _r0 _sY _tBOOK _u2015-6-24 _xTEOLOGIA _PP35 _0COMPRA _o.STAFF. Colección Teología |
||
| 999 |
_a266.001 V28G _wDEWEY _c3 _i59404 _d2017-10-29 _e2017-10-26 _f2021-11-10 _g5 _lCCODEBUL1 _mBUL _n3 _p20.00 _q2 _r0 _sY _tBOOK _u2015-6-24 _xTEOLOGIA _PP35 _0COMPRA _o.STAFF. Colección Teología |
||
| 980 |
_81 _gALBERTO SANCHEZ Responsable de Automatización |
||